LEADER 00988nam0 2200265 450 001 000005732 005 20050218142404.0 010 $a88-464-4902-9 100 $a20050218d2003----km-y0itay50------ba 101 0 $aita 102 $aIT 200 1 $a<>comunicazione economico-finanziaria delle grandi imprese$eun'indagine empirica$fKatia Giusepponi (a cura di) 210 $aMilano$cF. Angeli$d2003 215 $a396 p.$d23 cm 225 2 $aLa comunicazione economico-finanziaria nei mercati internazionali$v2 410 0$12001$aLa comunicazione economico-finanziaria nei mercati internazionali$v2 610 1 $aInformazione economico-finanziaria 610 1 $aInformazione aziendale$aCasistica 676 $a658.1512$v19 702 1$aGiusepponi,$bKatia 801 0$aIT$bUNIPARTHENOPE$c20050218$gRICA$2UNIMARC 912 $a000005732 951 $cNAVA1$a658-C/43$b37561$d20050218 996 $aComunicazione economico-finanziaria delle grandi imprese$91206239 997 $aUNIPARTHENOPE LEADER 02778oam 2200649Ma 450 001 9910777969703321 005 20190503073349.0 010 $a0-262-29189-4 010 $a1-282-24067-6 010 $a9786612240676 010 $a0-262-25539-1 024 8 $a9786612240676 035 $a(CKB)1000000000763966 035 $a(EBL)3339022 035 $a(SSID)ssj0000143508 035 $a(PQKBManifestationID)11911912 035 $a(PQKBTitleCode)TC0000143508 035 $a(PQKBWorkID)10112323 035 $a(PQKB)11520816 035 $a(StDuBDS)EDZ0000130722 035 $a(MiAaPQ)EBC3339022 035 $a(OCoLC)432428944$z(OCoLC)403948294$z(OCoLC)647703721$z(OCoLC)663418953$z(OCoLC)744554209$z(OCoLC)764510892$z(OCoLC)816316236$z(OCoLC)961632242$z(OCoLC)962694167$z(OCoLC)988473042$z(OCoLC)991949802$z(OCoLC)1037936052$z(OCoLC)1038588538$z(OCoLC)1045525350$z(OCoLC)1058144635$z(OCoLC)1066444469$z(OCoLC)1081222571 035 $a(OCoLC-P)432428944 035 $a(MaCbMITP)8149 035 $a(Au-PeEL)EBL3339022 035 $a(CaPaEBR)ebr10290035 035 $a(CaONFJC)MIL224067 035 $a(OCoLC)432428944 035 $a(EXLCZ)991000000000763966 100 $a20080926d2009 uy 0 101 0 $aeng 135 $aurzn||||||||| 181 $ctxt 182 $cc 183 $acr 200 00$aEconomic prosperity recaptured $ethe Finnish path from crisis to rapid growth /$fSeppo Honkapohja [and others] 210 $aCambridge, MA $cMIT Press$dİ2009 215 $a1 online resource (157 p.) 225 1 $aCESifo book series 300 $aDescription based upon print version of record. 311 $a0-262-01269-3 320 $aIncludes bibliographical references and index. 327 $aContents; Preface; Series Foreword ; 1 Introduction; 2 The Crisis of the Early 1990's; 3 Macroeconomic Policies before and during the Crisis and in the Upswing; 4 Renewed Growth and Structural Change; 5 The Importance of Human Capital; 6 The New Economy in Finland; 7 Remaining Policy Challenges; Notes; References; Index 330 8 $a'Economic Prosperity Recaptured' presents an analysis of how Finland achieved economic recovery after financial crisis and deep depression, with an emphasis on the role of public policy and the rise of high-tech industry. 410 0$aCESifo book series. 607 $aFinland$xEconomic conditions$y1981- 607 $aFinland$xEconomic policy 610 $aECONOMICS/International Economics 610 $aECONOMICS/Trade & Development 676 $a330.94897/034 701 $aHonkapohja$b Seppo$f1951-$0123023 801 0$bOCoLC-P 801 1$bOCoLC-P 906 $aBOOK 912 $a9910777969703321 996 $aEconomic prosperity recaptured$93732513 997 $aUNINA